<?xml version="1.0" encoding="UTF-8"?>
<record
    xmlns:xsi="http://www.w3.org/2001/XMLSchema-instance"
    xsi:schemaLocation="http://www.loc.gov/MARC21/slim http://www.loc.gov/standards/marcxml/schema/MARC21slim.xsd"
    xmlns="http://www.loc.gov/MARC21/slim">

  <leader>00731naa a22002051a 4500</leader>
  <controlfield tag="003">BD-RjUL</controlfield>
  <controlfield tag="005">20221027104755.0</controlfield>
  <controlfield tag="008">221027s1962    pk ||||| |||| 00| 0 urd d</controlfield>
  <datafield tag="035" ind1=" " ind2=" ">
    <subfield code="a">(BD-RjUL)</subfield>
  </datafield>
  <datafield tag="040" ind1=" " ind2=" ">
    <subfield code="a">BD-RjUL</subfield>
    <subfield code="b">eng</subfield>
    <subfield code="c">BD-RjUL</subfield>
  </datafield>
  <datafield tag="041" ind1=" " ind2=" ">
    <subfield code="a">urd</subfield>
  </datafield>
  <datafield tag="082" ind1=" " ind2=" ">
    <subfield code="2">23</subfield>
    <subfield code="a">392</subfield>
    <subfield code="b">DER 1962</subfield>
  </datafield>
  <datafield tag="100" ind1=" " ind2=" ">
    <subfield code="a">&#x62F;&#x647;&#x644;&#x648;&#x64A;,  &#x633;&#x64A;&#x62F;  &#x627;&#x62D;&#x645;&#x62F;  #  # Dehlawi, Syed Ahmed</subfield>
    <subfield code="d">1846-1918</subfield>
    <subfield code="9">5526</subfield>
  </datafield>
  <datafield tag="245" ind1=" " ind2=" ">
    <subfield code="a">&#x631;&#x633;&#x648;&#x645; &#x62F;&#x647;&#x644;&#x649;  # # / Rus&#x16B;m-i Dihl&#x12B; /</subfield>
    <subfield code="c">&#x633;&#x64A;&#x62F; &#x627;&#x62D;&#x645;&#x62F; &#x62F;&#x647;&#x644;&#x648;&#x649;  # # Syed Ahmed Dehlawi</subfield>
  </datafield>
  <datafield tag="260" ind1=" " ind2=" ">
    <subfield code="a">Karachi :</subfield>
    <subfield code="b">&#x627;&#x631;&#x62F;&#x648; &#x627;&#x643;&#x627;&#x62F;&#x645;&#x649;&#x60C; &#x60C;Urdu ekademi ,</subfield>
    <subfield code="c">1962</subfield>
  </datafield>
  <datafield tag="300" ind1=" " ind2=" ">
    <subfield code="a">220 p. ;</subfield>
    <subfield code="c">18 p. ;</subfield>
  </datafield>
  <datafield tag="650" ind1=" " ind2=" ">
    <subfield code="a">Social life and customs</subfield>
    <subfield code="z">Delhi (India) </subfield>
    <subfield code="9">5527</subfield>
  </datafield>
  <datafield tag="650" ind1=" " ind2=" ">
    <subfield code="a">Muslims</subfield>
    <subfield code="v">Social life and customs</subfield>
    <subfield code="z">Delhi</subfield>
    <subfield code="9">5528</subfield>
  </datafield>
  <datafield tag="942" ind1=" " ind2=" ">
    <subfield code="2">ddc</subfield>
    <subfield code="c">BK</subfield>
  </datafield>
  <datafield tag="999" ind1=" " ind2=" ">
    <subfield code="c">80640</subfield>
    <subfield code="d">80640</subfield>
  </datafield>
  <datafield tag="952" ind1=" " ind2=" ">
    <subfield code="0">0</subfield>
    <subfield code="1">0</subfield>
    <subfield code="2">ddc</subfield>
    <subfield code="4">0</subfield>
    <subfield code="7">1</subfield>
    <subfield code="8">NFIC</subfield>
    <subfield code="a">RUCL</subfield>
    <subfield code="b">RUCL</subfield>
    <subfield code="c">Reading</subfield>
    <subfield code="d">1967-05-12</subfield>
    <subfield code="e">Md. Mubarak Ali</subfield>
    <subfield code="g">6.00</subfield>
    <subfield code="l">0</subfield>
    <subfield code="o">U 392 DER 1962</subfield>
    <subfield code="r">2022-10-27 00:00:00</subfield>
    <subfield code="t">C-1</subfield>
    <subfield code="w">2022-10-27</subfield>
    <subfield code="y">BK</subfield>
  </datafield>
</record>
